Gagnants de la Ligue des Champions par Logo - Statistiques

Statistiques générales
  • Ce quiz a été pris 102 fois
  • Le résultat moyen est 19 sur 24
Statistiques - réponses
Par images Réponse % Correct
Real Madrid
100%
AC Milan
97%
Inter Milan
97%
Manchester United
93%
Benfica
92%
Celtic
91%
Bayern Munich
90%
Liverpool
88%
Aston Villa
87%
Juventus
86%
Paris Saint-Germain
78%
Ajax
77%
Borussia Dortmund
77%
Chelsea
77%
Manchester City
77%
Olympique Marseille
77%
FC Barcelone
76%
Feyenoord
74%
PSV
74%
Nottingham Forest
72%
FC Porto
68%
Étoile Rouge
60%
Steaua Bucarest
39%
Hamburger SV
10%
Aucun quiz correspondant
Distribution des résultats
% des personnes avec chaque résultat
Percentile par nombre de réponses
Votre historique - résultats
Vous n’avez pas pris ce quiz